[Event "29th Czech Open A 2018"]
[Site "Pardubice CZE"]
[Date "2018.07.23"]
[Round "4.38"]
[White "Pauly, Carlo"]
[Black "Biolek, Richard Jr."]
[Result "1/2-1/2"]
[BlackTitle "IM"]
[WhiteElo "2312"]
[BlackElo "2469"]
[WhiteFideId "24673269"]
[BlackFideId "319996"]
[EventDate "2018.07.20"]

1. d4 Nf6 2. c4 e6 3. Nc3 Bb4 4. Qc2 O-O 5. Nf3 d5 6. cxd5 exd5 7. Bf4 Ne4 8. e3
Nxc3 9. bxc3 Bd6 10. Bg3 h6 11. Bd3 b6 12. e4 dxe4 13. Bxe4 c6 14. O-O Bxg3 15.
fxg3 Be6 16. Ne5 Bd5 17. Bh7+ Kh8 18. c4 Be6 19. Rad1 Qc7 20. Be4 Nd7 21. Nxc6
Nf6 22. Rxf6 gxf6 23. d5 Bg4 24. d6 Qd7 25. Rd2 f5 26. Ne5 Qe6 27. Bxa8 Qxe5 28.
h3 Rxa8 29. hxg4 Qxg3 30. Rd3 Qe1+ 31. Kh2 Qe5+ 32. g3 fxg4 33. Qd2 Kg7 34. Rd5
Qf6 35. Rd4 h5 36. Rd5 Rd8 37. d7 Kf8 38. Qe3 h4 39. c5 bxc5 40. Qxc5+ Qe7 41.
Qc1 Qf6 42. Qc5+ Qe7 43. Qc3 hxg3+ 44. Kxg3 f6 45. Qd3 Qe1+ 46. Kxg4 Qg1+ 47.
Kf3 Qh1+ 48. Kf2 Qh2+ 49. Kf1 Qh1+ 50. Kf2 Qh2+ 51. Kf1 Qh1+ 1/2-1/2

[Event "29th Czech Open A 2018"]
[Site "Pardubice CZE"]
[Date "2018.07.23"]
[Round "4.39"]
[White "Pacher, Milan"]
[Black "Kucza, Karol"]
[Result "0-1"]
[WhiteTitle "GM"]
[BlackTitle "FM"]
[WhiteElo "2467"]
[BlackElo "2308"]
[WhiteFideId "14907445"]
[BlackFideId "1159755"]
[EventDate "2018.07.20"]

1. e4 e5 2. Nf3 Nc6 3. Bc4 Bc5 4. d3 Nf6 5. O-O O-O 6. h3 d6 7. a4 a6 8. Re1 Ne7
9. Nbd2 Ng6 10. Nf1 Be6 11. Bxe6 fxe6 12. c3 Ba7 13. Be3 Bxe3 14. Rxe3 a5 15.
Qb3 Qd7 16. d4 exd4 17. Nxd4 Rfe8 18. Nd2 b6 19. N2f3 c5 20. Nb5 d5 21. e5 Ne4
22. c4 Rad8 23. Rd1 Qc6 24. Qc2 Rf8 25. cxd5 exd5 26. Nc3 Nxc3 27. bxc3 Nf4 28.
Ng5 Qh6 29. Rg3 c4 30. Qb1 Ne2+ 0-1

[Event "29th Czech Open A 2018"]
[Site "Pardubice CZE"]
[Date "2018.07.23"]
[Round "4.40"]
[White "Krapivin, Vladislav"]
[Black "Vogel, Roven"]
[Result "1/2-1/2"]
[WhiteTitle "IM"]
[BlackTitle "IM"]
[WhiteElo "2310"]
[BlackElo "2462"]
[WhiteFideId "4126149"]
[BlackFideId "12908088"]
[EventDate "2018.07.20"]

1. e4 c6 2. d4 d5 3. e5 Bf5 4. Nf3 e6 5. Be2 Nd7 6. O-O h6 7. Be3 Ne7 8. Nbd2 g5
9. a4 Bg7 10. a5 f6 11. exf6 Bxf6 12. c4 Bg6 13. Qb3 Qb8 14. Ra4 O-O 15. h3 a6
16. Rb4 Ra7 17. Rc1 Kg7 18. Nh2 c5 19. cxd5 cxb4 20. dxe6 b5 21. exd7 Rxd7 22.
Ndf3 Nf5 23. Rc6 Rd6 24. d5 Rxc6 25. dxc6 Qd6 26. Ng4 Nxe3 27. Qxe3 Qxc6 28. Nd4
Bxd4 29. Qxd4+ Kh7 30. Qxb4 Qc1+ 31. Bf1 Qf4 32. Qc5 Qf5 33. Ne5 Re8 34. Qa7+
Kh8 35. Ng4 Re1 36. Qd4+ Kh7 37. Nf6+ Kh8 38. Ng4+ Kh7 39. Nf6+ Kg7 40. Ng4+ Kh7 1/2-1/2

[Event "29th Czech Open A 2018"]
[Site "Pardubice CZE"]
[Date "2018.07.23"]
[Round "4.41"]
[White "Ilic, Zoran S"]
[Black "Jansa, Vlastimil"]
[Result "1/2-1/2"]
[WhiteTitle "IM"]
[BlackTitle "GM"]
[WhiteElo "2303"]
[BlackElo "2451"]
[WhiteFideId "901733"]
[BlackFideId "300128"]
[EventDate "2018.07.20"]

1. d4 Nf6 2. Nf3 g6 3. c4 Bg7 4. g3 d5 5. cxd5 Nxd5 6. Bg2 Nb6 7. Nc3 Nc6 8. e3
O-O 9. O-O Re8 10. d5 Na5 11. Nd4 Bd7 12. e4 c5 13. Nf3 Nac4 14. Qc2 Rc8 15. Re1
Bg4 16. h3 Bxf3 17. Bxf3 e6 1/2-1/2

[Event "29th Czech Open A 2018"]
[Site "Pardubice CZE"]
[Date "2018.07.23"]
[Round "4.42"]
[White "Kozak, Adam"]
[Black "Gombocz, Ferenc Jr."]
[Result "1-0"]
[WhiteTitle "IM"]
[BlackTitle "FM"]
[WhiteElo "2446"]
[BlackElo "2301"]
[WhiteFideId "753246"]
[BlackFideId "775029"]
[EventDate "2018.07.20"]

1. Nf3 d5 2. d4 Nf6 3. c4 c6 4. g3 Bf5 5. Nc3 a6 6. Bg2 e6 7. Qb3 Ra7 8. O-O h6
9. Ne5 Bd6 10. cxd5 exd5 11. e4 Be6 12. exd5 Nxd5 13. Nxd5 Bxe5 14. dxe5 cxd5
15. Be3 d4 16. Qa4+ b5 17. Qxd4 Qxd4 18. Bxd4 Rd7 19. Bc5 f6 20. Bd6 Kf7 21. f4
g6 22. Rfc1 Rhd8 23. a4 bxa4 24. Rxa4 Ra7 25. Rb4 Nd7 26. Rb7 Raa8 27. Rcc7 Rac8
28. Bc6 Rxc7 29. Rxc7 fxe5 30. fxe5 g5 31. Be4 a5 32. Ra7 Rc8 33. Kf2 h5 34.
Rxa5 Rc4 35. Ke3 Rc1 36. Ra7 Kg8 37. Ra8+ Kf7 38. Ra7 Kg8 39. Ra8+ Kf7 40. Rh8
Nb6 41. Rh7+ Kg8 42. Rxh5 Nc4+ 43. Kd4 Rd1+ 44. Kc5 1-0

[Event "29th Czech Open A 2018"]
[Site "Pardubice CZE"]
[Date "2018.07.23"]
[Round "4.43"]
[White "Sarkar, Justin"]
[Black "Haba, Petr"]
[Result "1-0"]
[WhiteTitle "IM"]
[BlackTitle "GM"]
[WhiteElo "2307"]
[BlackElo "2445"]
[WhiteFideId "2010011"]
[BlackFideId "300160"]
[EventDate "2018.07.20"]

1. d4 d5 2. c4 c6 3. Nf3 Nf6 4. Nc3 dxc4 5. a4 Bf5 6. Ne5 Nbd7 7. Nxc4 Qc7 8. g3
e5 9. dxe5 Nxe5 10. Bf4 Nfd7 11. Bg2 g5 12. Ne3 gxf4 13. Nxf5 O-O-O 14. Qc2 Nc5
15. O-O fxg3 16. hxg3 a5 17. Rfd1 h5 18. Rxd8+ Qxd8 19. Rd1 Qf6 20. Ne4 Nxe4 21.
Qxe4 Bb4 22. Bh3 Kc7 23. Qf4 Rd8 24. Rd3 Rxd3 25. exd3 Bd2 26. Qe4 Nd7 27. d4
Nb6 28. Qe2 Bb4 29. b3 h4 30. gxh4 Nd5 31. Qg4 Bd2 32. h5 Bg5 33. Nd6 Qe7 34.
Nxf7 Bf4 35. Qe6 Qb4 36. Nd8 Kb8 37. h6 Ne3 38. Qc8+ Ka7 39. Qxb7+ Qxb7 40. Nxb7
Bxh6 41. Nxa5 Kb6 42. Nc4+ Nxc4 43. bxc4 Bg7 44. d5 Ka5 45. Bd7 1-0

[Event "29th Czech Open A 2018"]
[Site "Pardubice CZE"]
[Date "2018.07.23"]
[Round "4.44"]
[White "Kraus, Tomas"]
[Black "Mladek, Richard"]
[Result "1-0"]
[WhiteTitle "IM"]
[WhiteElo "2442"]
[BlackElo "2299"]
[WhiteFideId "331708"]
[BlackFideId "386588"]
[EventDate "2018.07.20"]

1. Nf3 Nf6 2. c4 g6 3. Nc3 Bg7 4. d4 O-O 5. g3 d6 6. Bg2 Nc6 7. d5 Na5 8. Nd2 c5
9. O-O a6 10. Qc2 b5 11. cxb5 axb5 12. Nxb5 Qb6 13. Nc3 Bf5 14. e4 Bc8 15. Rd1
Ng4 16. h3 Ne5 17. f4 Nd3 18. Nc4 Nxc4 19. Rxd3 Na5 20. Na4 Qb5 21. Rb1 c4 22.
Ra3 Bd4+ 23. Kh2 Bd7 24. Qd1 Bg7 25. Be3 Rfb8 26. Qg1 Ra6 27. Ba7 Qb4 28. Nc3
Rc8 29. Bd4 Bf8 30. Nd1 Qb8 31. Ne3 e5 32. dxe6 fxe6 33. Ng4 Be7 34. Bc3 Rc5 35.
Rxa5 Raxa5 36. Qd4 e5 37. fxe5 Rxe5 38. Nxe5 Rxe5 39. Qxc4+ Be6 40. Qa6 Rc5 41.
Rd1 h5 42. Qd3 Kh7 43. a3 h4 44. gxh4 Bc4 45. Qg3 Qf8 46. e5 dxe5 47. Be4 Qf6
48. h5 Bf7 49. Rd7 1-0

[Event "29th Czech Open A 2018"]
[Site "Pardubice CZE"]
[Date "2018.07.23"]
[Round "4.45"]
[White "Das, Arghyadip"]
[Black "Gomes, Mary Ann"]
[Result "1-0"]
[WhiteTitle "IM"]
[BlackTitle "WGM"]
[WhiteElo "2436"]
[BlackElo "2284"]
[WhiteFideId "5003610"]
[BlackFideId "5013623"]
[EventDate "2018.07.20"]

1. e4 c5 2. Nf3 d6 3. d4 cxd4 4. Nxd4 Nf6 5. Nc3 a6 6. Be3 e5 7. Nb3 Be6 8. f3
Nbd7 9. g4 Nb6 10. g5 Nfd7 11. Qd2 Rc8 12. O-O-O Qc7 13. Kb1 Be7 14. h4 Nc4 15.
Bxc4 Bxc4 16. h5 b5 17. Nd5 Bxd5 18. exd5 Bd8 19. f4 a5 20. fxe5 Nxe5 21. Nd4
Nc4 22. Qd3 O-O 23. Bc1 a4 24. Nc6 Ne5 25. Qxb5 Nxc6 26. dxc6 Qxc6 27. Qd3 Qc5
28. Rhf1 Be7 29. Rf4 Qxg5 30. Re4 Qxh5 31. Rxe7 Rc6 32. b3 axb3 33. cxb3 Rfc8
34. Bb2 Qg5 35. Rde1 f6 36. Ka1 h5 37. Qd4 h4 38. Qe4 Rc5 39. a3 h3 40. Qe6+ Kh7
41. Qxh3+ 1-0

[Event "29th Czech Open A 2018"]
[Site "Pardubice CZE"]
[Date "2018.07.23"]
[Round "4.47"]
[White "Tomczak, Mikolaj"]
[Black "Mehar, Chinna Reddy C.H."]
[Result "1/2-1/2"]
[WhiteTitle "FM"]
[BlackTitle "FM"]
[WhiteElo "2432"]
[BlackElo "2286"]
[WhiteFideId "1175114"]
[BlackFideId "5027420"]
[EventDate "2018.07.20"]

1. c4 c6 2. Nf3 d5 3. b3 Nf6 4. g3 Bg4 5. Bg2 e6 6. O-O Nbd7 7. Bb2 Bd6 8. d4
Qb8 9. Nbd2 O-O 10. Re1 Rd8 11. Qc1 a5 12. c5 Bc7 13. h3 Bxf3 14. Nxf3 b6 15.
cxb6 Qxb6 16. Qc2 Rac8 17. Rec1 Bb8 18. e3 h6 19. Qe2 Bd6 20. Rc2 Rc7 21. Bc3
Bb4 22. Ne1 Rdc8 23. Bb2 a4 24. bxa4 Ra8 25. Bc3 Bxc3 26. Rxc3 Rxa4 27. Qc2 Qa5
28. Nd3 Ra3 29. Rxa3 Qxa3 30. Rb1 Ne8 31. Bf1 Qa7 32. Nb4 Qa8 33. Rc1 Nb8 34. a4
Ra7 35. Ra1 Ra5 36. Nd3 Nd7 37. Qb3 Nd6 38. Qb4 Nc4 39. Be2 Ra7 40. Bd1 Rb7 41.
Qc3 Qa5 42. Qxa5 Nxa5 43. Rc1 Kf8 44. Nc5 Nxc5 45. Rxc5 Ra7 46. Rc1 Rb7 47. Rc5
Ra7 48. Rc1 Ke7 49. Rb1 Rb7 50. Rxb7+ Nxb7 51. f4 Kd6 52. Kf2 Kc7 53. g4 1/2-1/2

[Event "29th Czech Open A 2018"]
[Site "Pardubice CZE"]
[Date "2018.07.23"]
[Round "4.48"]
[White "Bryzgalin, Kirill"]
[Black "Serrano Salvador, Eduardo"]
[Result "1-0"]
[WhiteTitle "GM"]
[BlackTitle "FM"]
[WhiteElo "2424"]
[BlackElo "2280"]
[WhiteFideId "4133285"]
[BlackFideId "2214075"]
[EventDate "2018.07.20"]

1. d4 d5 2. Nf3 Nf6 3. c4 c6 4. Qc2 e6 5. Bf4 Nbd7 6. Nbd2 c5 7. e3 cxd4 8. exd4
Be7 9. c5 Nh5 10. Be3 f5 11. Nb3 Qc7 12. Bb5 a6 13. Bd3 O-O 14. O-O Rb8 15. Rac1
Nf4 16. Bxf4 Qxf4 17. Qe2 Rf6 18. Rfe1 g5 19. c6 bxc6 20. Rxc6 g4 21. Nfd2 e5
22. g3 Qg5 23. f4 gxf3 24. Nxf3 Qg4 25. Rxf6 Bxf6 26. dxe5 Be7 27. Nfd4 Nc5 28.
Nc6 Nxb3 29. Nxe7+ Kf8 30. Qxg4 fxg4 31. Nxc8 Nd2 32. Rc1 Rxb2 33. Rc2 Nf3+ 34.
Kf2 Rb1 35. e6 Rh1 36. e7+ Kf7 37. Ke3 d4+ 38. Kf4 Ne1 39. Bc4+ 1-0

[Event "29th Czech Open A 2018"]
[Site "Pardubice CZE"]
[Date "2018.07.23"]
[Round "4.49"]
[White "Vykouk, Jan"]
[Black "Phadke, Sohan"]
[Result "1/2-1/2"]
[WhiteTitle "FM"]
[BlackTitle "FM"]
[WhiteElo "2419"]
[BlackElo "2249"]
[WhiteFideId "349658"]
[BlackFideId "5016223"]
[EventDate "2018.07.20"]

1. e4 c5 2. Nf3 Nc6 3. d4 cxd4 4. Nxd4 Nf6 5. Nc3 e5 6. Ndb5 d6 7. Bg5 a6 8. Na3
b5 9. Nd5 Be7 10. Bxf6 Bxf6 11. c4 b4 12. Nc2 O-O 13. g3 Bg5 14. Bg2 Qa5 15. O-O
Qc5 16. b3 a5 17. Kh1 Bd8 18. f4 Be6 19. Qd3 Bxd5 20. cxd5 Nd4 21. Rac1 Rc8 22.
Bh3 Rc7 23. fxe5 dxe5 24. Qe3 Qc3 25. Qxc3 Rxc3 26. Nxd4 exd4 27. e5 Re8 28.
Rce1 Re3 29. e6 Bf6 30. Rxe3 dxe3 31. Rf4 fxe6 32. Bxe6+ Kf8 33. Re4 Ke7 34.
Rxe3 Kd6 35. Kg2 Re7 36. Kf3 h6 37. Ke4 Rc7 38. Re2 Rc1 39. Kf5 Rc7 40. Kg6 Re7
41. Rf2 Rc7 42. Kf5 Bd4 43. Re2 Bf6 44. Kg6 Re7 45. h4 Rc7 46. Kh5 Rc1 47. Bf7
Be5 48. g4 Rb1 49. Kg6 Rb2 50. Rxb2 Bxb2 51. Kf5 Bf6 52. g5 hxg5 53. hxg5 Bd8
54. g6 Bf6 55. Ke4 Kc5 56. Kd3 Be5 57. Ke4 Bf6 58. Kd3 Be5 59. Ke4 Bf6 60. Kd3
Be5 1/2-1/2

[Event "29th Czech Open A 2018"]
[Site "Pardubice CZE"]
[Date "2018.07.23"]
[Round "4.50"]
[White "Garayev, Kanan"]
[Black "Tomazini, Zan"]
[Result "1-0"]
[WhiteTitle "FM"]
[BlackTitle "IM"]
[WhiteElo "2300"]
[BlackElo "2406"]
[WhiteFideId "13406671"]
[BlackFideId "14608162"]
[EventDate "2018.07.20"]

1. d4 Nf6 2. c4 g6 3. Nf3 Bg7 4. g3 O-O 5. Bg2 d6 6. O-O Nc6 7. Nc3 Bf5 8. b3
Ne4 9. Bb2 e5 10. d5 Nb8 11. Ne1 Nxc3 12. Bxc3 Qd7 13. e4 Bh3 14. f4 Bxg2 15.
Nxg2 exf4 16. Bxg7 Kxg7 17. Qd4+ Kg8 18. gxf4 f5 19. Rae1 fxe4 20. Rxe4 Na6 21.
h4 Nc5 22. Re3 Qf5 23. Re7 Rf7 24. Rfe1 Raf8 25. Rxf7 Kxf7 26. Qe3 Kg8 27. Qd4
Qd3 28. Qb2 Nd7 29. Re3 Qd1+ 30. Re1 Qg4 31. Re7 Qd1+ 32. Re1 Qg4 33. Re7 Rf7
34. Re8+ Nf8 35. Qd4 h6 36. Qe4 a5 37. Kh2 b6 38. Qe6 Qf5 39. Qxf5 Rxf5 40. Kg3
Kf7 41. Rc8 Ke7 42. Ne3 Rf7 43. Rxc7+ Nd7 44. Ng4 h5 45. Nf2 Kd8 46. Rc6 Re7 47.
Kf3 Re1 48. Rxd6 Ra1 49. Nd3 Ke7 50. Re6+ Kf7 51. Ne5+ Nxe5+ 52. fxe5 Re1 53.
Kf4 Rf1+ 54. Kg5 Rg1+ 55. Kh6 g5 56. hxg5 h4 57. g6+ Kf8 58. d6 1-0

[Event "29th Czech Open A 2018"]
[Site "Pardubice CZE"]
[Date "2018.07.23"]
[Round "4.51"]
[White "Chekletsov, Ilya"]
[Black "Baskakov, Egor"]
[Result "1-0"]
[WhiteTitle "IM"]
[WhiteElo "2395"]
[BlackElo "2203"]
[WhiteFideId "24177156"]
[BlackFideId "24197866"]
[EventDate "2018.07.20"]

1. d4 Nf6 2. c4 c5 3. d5 b5 4. cxb5 a6 5. b6 d6 6. Nc3 Nbd7 7. a4 a5 8. e4 g6 9.
Bb5 Bg7 10. Nf3 O-O 11. O-O Ba6 12. Re1 Bxb5 13. Nxb5 Nxb6 14. Bg5 Ne8 15. Qe2
Nc7 16. Nc3 Qd7 17. h4 Rfe8 18. Qd3 e6 19. dxe6 fxe6 20. Be3 Qc6 21. Rac1 Rad8
22. h5 gxh5 23. e5 dxe5 24. Qb1 Rf8 25. Ng5 Rf5 26. Nce4 Nbd5 27. Rxc5 Qxa4 28.
Ng3 Rdf8 29. Nxf5 exf5 30. Rec1 Qd7 31. Qa2 Kh8 32. Rd1 f4 33. Rcxd5 Nxd5 34.
Bc5 Rd8 35. Qb1 Bf6 36. Rxd5 Qg7 37. Ne6 Qg8 38. Rxd8 Bxd8 39. Qf5 1-0

[Event "29th Czech Open A 2018"]
[Site "Pardubice CZE"]
[Date "2018.07.23"]
[Round "4.52"]
[White "Lye, Lik Zang"]
[Black "Lalic, Bogdan"]
[Result "1/2-1/2"]
[BlackTitle "GM"]
[WhiteElo "2270"]
[BlackElo "2394"]
[WhiteFideId "5712181"]
[BlackFideId "409081"]
[EventDate "2018.07.20"]

1. d4 Nf6 2. c4 e6 3. Nf3 d5 4. Nc3 dxc4 5. e3 a6 6. Bxc4 b5 7. Be2 c5 8. O-O
Bb7 9. dxc5 Bxc5 10. a3 Qxd1 11. Rxd1 Nbd7 12. b4 Be7 13. Bb2 O-O 14. Nd2 Nb6
15. Nb3 Nfd5 16. Na5 Nxc3 17. Bxc3 Bd5 18. Bd4 Na4 19. Rac1 Rac8 20. f3 f5 21.
Kf2 1/2-1/2

[Event "29th Czech Open A 2018"]
[Site "Pardubice CZE"]
[Date "2018.07.23"]
[Round "4.53"]
[White "Bharath, Subramaniyam H"]
[Black "Piscopo, Pierluigi"]
[Result "0-1"]
[WhiteTitle "CM"]
[BlackTitle "IM"]
[WhiteElo "2231"]
[BlackElo "2389"]
[WhiteFideId "46634827"]
[BlackFideId "809152"]
[EventDate "2018.07.20"]

1. e4 c5 2. Nc3 Nc6 3. Bb5 Nd4 4. Bc4 a6 5. Nf3 b5 6. Bd3 Nc6 7. O-O e6 8. e5
Bb7 9. Be4 b4 10. Ne2 f5 11. Bd3 Nh6 12. Bc4 Nf7 13. d4 cxd4 14. Nexd4 Ncxe5 15.
Nxe5 Nxe5 16. Bb3 Qf6 17. f4 Ng4 18. h3 Bc5 19. c3 Nh6 20. Be3 bxc3 21. bxc3 O-O
22. Qd2 Rac8 23. Rad1 Nf7 24. Qf2 Nd6 25. Nxe6 dxe6 26. Bxc5 Ne4 27. Bd4 Nxf2
28. Bxf6 Nxd1 29. Bxe6+ Kh8 30. Bxc8 Rxc8 31. Bxg7+ Kxg7 32. Rxd1 Be4 33. Rd7+
Kg8 34. g4 Rxc3 35. Rd8+ Kf7 36. Rd7+ Ke6 37. Rxh7 fxg4 38. Rh6+ Kf5 39. hxg4+
Kxf4 40. Kf2 Rc2+ 41. Ke1 Rxa2 42. Kd1 Kxg4 43. Kc1 Kf4 44. Rd6 Rc2+ 45. Kd1 a5
46. Rd4 Rc5 47. Kd2 Ke5 48. Ra4 Bc2 49. Ra3 Kd4 50. Kc1 Bb3+ 51. Kb2 a4 52. Ra1
Rc2+ 53. Ka3 Kc4 0-1

[Event "29th Czech Open A 2018"]
[Site "Pardubice CZE"]
[Date "2018.07.23"]
[Round "4.54"]
[White "Volotovsky, Kirill"]
[Black "Vokac, Marek"]
[Result "1/2-1/2"]
[BlackTitle "GM"]
[WhiteElo "2214"]
[BlackElo "2384"]
[WhiteFideId "14151634"]
[BlackFideId "300101"]
[EventDate "2018.07.20"]

1. e4 g6 2. d4 Bg7 3. Nc3 d6 4. f4 a6 5. Nf3 b5 6. Be3 Bb7 7. Bd3 Nd7 8. Qd2 b4
9. Ne2 Ngf6 10. e5 Nd5 11. O-O e6 12. Bf2 O-O 13. c4 bxc3 14. bxc3 a5 15. a3
N5b6 16. Bh4 Qe8 17. c4 dxe5 18. Nxe5 Nxe5 19. fxe5 Nxc4 20. Bxc4 Qc6 21. Ng3
Qxc4 22. Bf6 h6 23. Rac1 Qd5 24. Bxg7 Kxg7 25. Rxc7 Rac8 26. Re7 Rce8 27. Rc7
Rc8 28. Re7 Rce8 29. Rc7 1/2-1/2

[Event "29th Czech Open A 2018"]
[Site "Pardubice CZE"]
[Date "2018.07.23"]
[Round "4.55"]
[White "Debevec, Blaz"]
[Black "Koykka, Pekka"]
[Result "0-1"]
[BlackTitle "FM"]
[WhiteElo "2169"]
[BlackElo "2382"]
[WhiteFideId "14605813"]
[BlackFideId "504319"]
[EventDate "2018.07.20"]

1. e4 d5 2. exd5 Qxd5 3. Nc3 Qd6 4. d4 Nf6 5. Nf3 c6 6. Bd3 Bg4 7. h3 Bh5 8. O-O
e6 9. Ne4 Nxe4 10. Bxe4 Nd7 11. c4 Nf6 12. Bc2 Bxf3 13. Qxf3 Qxd4 14. Rd1 Qxc4
15. Bd3 Qd5 16. Qe2 Qh5 17. Qc2 Qc5 18. Qe2 Bd6 19. Be3 Qe5 20. f4 Qa5 21. Kh1
Qh5 22. Qxh5 Nxh5 23. Ba6 O-O-O 24. Bc4 Kb8 25. g4 Bxf4 26. Bxa7+ Kxa7 27. gxh5
Be5 28. Rab1 b5 29. Be2 Kb6 30. b3 f5 31. a4 Bd4 32. Rbc1 Rd6 33. Kg2 e5 34. Kf3
Ra8 35. axb5 cxb5 36. Rc2 Ra3 37. Rb1 Rc6 38. Rxc6+ Kxc6 39. Rc1+ Kb6 40. Bd1
Ra2 41. Rc2 Ra1 42. Rd2 g5 43. hxg6 hxg6 44. h4 Kc5 45. Kg3 Kb4 46. Rd3 Ra2 47.
h5 g5 48. h6 Ra6 49. Rf3 f4+ 50. Kg4 Rxh6 51. Kxg5 Rh1 52. Bc2 Be3 53. Kf5 Kc3
54. Be4 Kd4 55. Bc6 e4 56. Bxe4 Rh5+ 57. Kg4 Kxe4 58. Rf1 Rh8 59. b4 Rg8+ 60.
Kh3 Rg1 0-1

[Event "29th Czech Open A 2018"]
[Site "Pardubice CZE"]
[Date "2018.07.23"]
[Round "4.56"]
[White "Yelisieiev, Yevhenii"]
[Black "Suta, Andraz"]
[Result "1/2-1/2"]
[WhiteTitle "FM"]
[WhiteElo "2379"]
[BlackElo "2197"]
[WhiteFideId "14139642"]
[BlackFideId "14613190"]
[EventDate "2018.07.20"]

1. d4 Nf6 2. c4 e6 3. Nc3 Bb4 4. e3 O-O 5. Ne2 d5 6. a3 Be7 7. cxd5 exd5 8. b4
a6 9. Ng3 c6 10. Bd3 Re8 11. Qc2 Nbd7 12. O-O Bf8 13. e4 dxe4 14. Ncxe4 Nxe4 15.
Nxe4 h6 16. Bb2 Be7 17. Rfe1 Nf6 18. Nc5 b6 19. Ne4 Bd7 20. Rac1 a5 21. Nxf6+
Bxf6 22. Bh7+ Kh8 23. Be4 axb4 24. axb4 Rc8 25. h3 Qe7 26. Qb3 Be6 27. Qa3 Bd5
28. f3 Qd6 29. Qc3 Rcd8 30. Rcd1 Qg3 31. Qc2 Bxe4 32. fxe4 Bxd4+ 33. Bxd4 Rxd4
34. Rxd4 Qxe1+ 35. Kh2 Qe3 36. Qxc6 Re6 37. Qd5 Rg6 38. e5 Qg3+ 39. Kh1 Qe1+ 40.
Kh2 Qg3+ 41. Kh1 Qe1+ 42. Kh2 Qg3+ 1/2-1/2

[Event "29th Czech Open A 2018"]
[Site "Pardubice CZE"]
[Date "2018.07.23"]
[Round "4.57"]
[White "Potapov, Pavel"]
[Black "Wong, Gengchun"]
[Result "1-0"]
[WhiteTitle "GM"]
[WhiteElo "2500"]
[BlackElo "2162"]
[WhiteFideId "4169786"]
[BlackFideId "12963283"]
[EventDate "2018.07.20"]

1. e4 c5 2. c3 d5 3. exd5 Qxd5 4. d4 Nf6 5. Nf3 Bg4 6. Be2 e6 7. O-O Nc6 8. h3
Bh5 9. Be3 cxd4 10. cxd4 Be7 11. Nc3 Qd6 12. Qb3 Qb4 13. Qxb4 Bxb4 14. g4 Bg6
15. Ne5 O-O 16. f4 Rfd8 17. Rfd1 Ba5 18. Rac1 Bb6 19. Nxc6 bxc6 20. Bf3 Rac8 21.
Kf2 Kf8 22. a3 h6 23. h4 h5 24. g5 Ng4+ 25. Bxg4 hxg4 26. Kg3 Bf5 27. Na4 Ke7
28. b4 Rd5 29. Rc4 Kd7 30. Rd2 Rh8 31. Nc3 Rd6 32. Nd1 f6 33. Nf2 e5 34. fxe5
fxe5 35. Nxg4 exd4 36. Bf4 Bxg4 37. Bxd6 Be6 38. Rcxd4 Bxd4 39. Rxd4 Bd5 40. Be5
Rg8 41. h5 Ke6 42. Bf4 Rh8 43. Kg4 Re8 44. g6 Kf6 45. Bg5+ Ke5 46. Rf4 Kd6 47.
Rf2 Re1 48. Bd2 Rg1+ 49. Kf4 Rh1 50. Bc3 Rxh5 51. Bxg7 Rh4+ 52. Kg5 Rh1 53. Bd4
Rh3 54. a4 a6 55. g7 Rg3+ 56. Kf4 Rg6 57. Kf5 Rh6 58. Bc5+ Kd7 59. Rd2 Rh5+ 60.
Kf4 Rh4+ 61. Kg3 1-0

[Event "29th Czech Open A 2018"]
[Site "Pardubice CZE"]
[Date "2018.07.23"]
[Round "4.58"]
[White "Stefansson, Hannes"]
[Black "Tsvetkov, Andrey"]
[Result "0-1"]
[WhiteTitle "GM"]
[BlackTitle "CM"]
[WhiteElo "2536"]
[BlackElo "2259"]
[WhiteFideId "2300087"]
[BlackFideId "34139360"]
[EventDate "2018.07.20"]

1. Nf3 d5 2. g3 c6 3. Bg2 Bg4 4. d3 Nd7 5. O-O Ngf6 6. h3 Bh5 7. Qe1 e5 8. e4
dxe4 9. dxe4 Bc5 10. Nbd2 O-O 11. b3 Re8 12. Bb2 Qc7 13. Kh1 Nf8 14. g4 Bg6 15.
Nxe5 Rxe5 16. Bxe5 Qxe5 17. f4 Qc7 18. f5 Re8 19. Qe2 Ne6 20. c3 Nf4 21. Qf3
N4h5 22. gxh5 Bxh5 23. Qd3 Rd8 24. Qc2 Be2 25. Rf3 Bxf3 26. Nxf3 Qf4 27. Re1 Nh5
28. Nd4 Ng3+ 0-1

[Event "29th Czech Open A 2018"]
[Site "Pardubice CZE"]
[Date "2018.07.23"]
[Round "4.59"]
[White "Gonda, Laszlo"]
[Black "Hiti, Domen"]
[Result "1-0"]
[WhiteTitle "GM"]
[WhiteElo "2534"]
[BlackElo "2259"]
[WhiteFideId "720852"]
[BlackFideId "14606798"]
[EventDate "2018.07.20"]

1. Nf3 g6 2. c4 Bg7 3. d4 d6 4. Nc3 e5 5. g3 Nc6 6. dxe5 Nxe5 7. Bg2 Nxf3+ 8.
Bxf3 Ne7 9. c5 Nf5 10. Qa4+ c6 11. cxd6 Qxd6 12. Bf4 Qc5 13. Rc1 O-O 14. O-O Nd4
15. Bg2 Qh5 16. Rfd1 Nxe2+ 17. Nxe2 Qxe2 18. Rd2 Qh5 19. Qb4 Re8 20. h4 Qg4 21.
Rcd1 Bf8 22. Qb3 Qe6 23. Qa4 f6 24. Rd8 Qf7 25. Rxe8 Qxe8 26. Qb3+ Kg7 27. Kh2
Be7 28. Re1 Qd8 29. Qe3 Bf8 30. Bh6+ Kg8 31. Qb3+ Kh8 32. Qf7 Bf5 33. Re7 Qxe7
34. Bg7+ Bxg7 35. Qxe7 h5 36. Qxb7 Rd8 37. Bxc6 Rd2 38. Kg2 a5 39. a4 Bg4 40. b3
f5 41. Qa8+ Kh7 42. Qxa5 Rc2 43. Qd5 Rc3 44. a5 Bf3+ 45. Qxf3 Rxf3 46. Kxf3 Bc3
47. a6 Bd4 48. Ke2 1-0

[Event "29th Czech Open A 2018"]
[Site "Pardubice CZE"]
[Date "2018.07.23"]
[Round "4.60"]
[White "Hasangatin, Ramil"]
[Black "Perov, German"]
[Result "1-0"]
[WhiteTitle "GM"]
[WhiteElo "2497"]
[BlackElo "2256"]
[WhiteFideId "4122160"]
[BlackFideId "44111410"]
[EventDate "2018.07.20"]

1. e4 e5 2. Bc4 Nf6 3. d3 c6 4. Nf3 d5 5. Bb3 Bd6 6. Nc3 dxe4 7. Ng5 O-O 8.
Ncxe4 Nxe4 9. Nxe4 Be7 10. Qh5 Nd7 11. Ng5 Bxg5 12. Bxg5 Qa5+ 13. Bd2 Qc7 14.
O-O b5 15. Rae1 a5 16. c3 Ba6 17. Re3 a4 18. Rh3 Nf6 19. Qh4 Bc8 20. Rg3 Bf5 21.
Rxg7+ 1-0